| 000 | 00637nam a2200193Ia 4500 | ||
|---|---|---|---|
| 008 | 090123s9999 xx 000 0 und d | ||
| 082 | _b31736 | ||
| 100 | _aखंडकर अविनाश | ||
| 245 | _aअध्यक्ष महोदय | ||
| 250 | _a0 | ||
| 260 |
_bसाहित्य प्रसार केंद्र _c2000 |
||
| 300 | _a192 | ||
| 600 | _aखंडकर अविनाश | ||
| 630 | _aअध्यक्ष महोदय | ||
| 700 | _aखंडकर अविनाश | ||
| 700 | _aखंडकर अविनाश | ||
| 730 | _aअध्यक्ष महोदय | ||
| 942 | _cBOOK | ||
| 999 |
_c69795 _d69795 |
||